00762nam a2200181 i 450000100060000000300090000600500170001500700030003200800410003508000440007610000360012024501250015626000820028130000300036361000910039371000630048485200330054792638ES-MaACL20230906181024.0t|050411s1978 sp ||||1| spa d a017.2(460.27) Soc. Ec. Matr. Am. País1 aMur Rengifo, María del Pilar.13aLa biblioteca de la Real Sociedad Económica Matritense de Amigos del País en 1975 / cMaría del Pilar Mur Rengifo. aMadrid : bReal Sociedad Económica Matritense de Amigos del País,c[1978] aXXVIII, 753 p. ; c19 cm.2 aReal Sociedad Económica Matritense de Amigos del País. bBiblioteca-vCatálogos.2 aReal Sociedad Económica Matritense de Amigos del País. aES-MaACLjE-10937 bR.123659